书目信息 |
| 题名: |
三体钢笔字技法
|
|
| 作者: | 华清波 , 华立人 编著 | |
| 分册: | ||
| 出版信息: | 汉口 湖北科学技术出版社 1997.08 |
|
| 页数: | 151页 | |
| 开本: | 32开 | |
| 丛书名: | ||
| 单 册: | ||
| 中图分类: | J292.12 | |
| 科图分类: | ||
| 主题词: | 书法--中国 , 篆刻--中国 | |
| 电子资源: | ||
| ISBN: | 7-5352-4519-6 | |
| 000 | 00627nam0 2200217 45 | |
| 001 | 0008140816 | |
| 005 | 20000814083555.6 | |
| 010 | @a7-5352-4519-6@d8.00元 | |
| 100 | @a20000814d1997 km y0chiy0120 ea | |
| 101 | 0 | @achi |
| 105 | @a z 000yy | |
| 200 | 1 | @a三体钢笔字技法@ASan Ti Gang Bi Zi Ji Fa@f华清波,华立人编著@FHua Qing Bo,Hua Li Ren Bian Zhu |
| 210 | @a汉口@c湖北科学技术出版社@d1997.08 | |
| 215 | @a151页@d32开 | |
| 606 | 0 | @a书法@x中国 |
| 606 | 0 | @a篆刻@x中国 |
| 690 | @aJ292.12@v3 | |
| 701 | 0 | @a华清波@4编著 |
| 701 | 0 | @a华立人@4编著 |
| 801 | @aCN@bPftUser@c20000814 | |
| 905 | @b104990-994@dJ292.12@eH068@f5 | |
| 三体钢笔字技法/华清波,华立人编著.-汉口:湖北科学技术出版社,1997.08 |
| 151页;32开 |
| ISBN 7-5352-4519-6:8.00元 |
| ● |
| 相关链接 |
|
|
|
正题名:三体钢笔字技法
索取号:J292.12/H068
 
预约/预借
| 序号 | 登录号 | 条形码 | 馆藏地/架位号 | 状态 | 备注 |
| 1 | 104990 | 201049908 | 社科库309/ [索取号:J292.12/H068] | 在馆 | |
| 2 | 104991 | 201049917 | 社科库309/309社科库 79排4列2层/ [索取号:J292.12/H068] | 在馆 | |
| 3 | 104992 | 201049926 | 社科库309/ [索取号:J292.12/H068] | 在馆 | |
| 4 | 104993 | 201049935 | 社科库309/309社科库 79排4列2层/ [索取号:J292.12/H068] | 在馆 | |
| 5 | 104994 | 201049944 | 社科库309/ [索取号:J292.12/H068] | 在馆 | |
| 6 | 105449 | 201054492 | 社科库309/309社科库 79排4列2层/ [索取号:J292.12/H068] | 在馆 | |
| 7 | 105450 | 201054508 | 社科库309/ [索取号:J292.12/H068] | 在馆 | |
| 8 | 105451 | 201054517 | 社科库309/309社科库 79排4列2层/ [索取号:J292.12/H068] | 在馆 | |
| 9 | 105452 | 201054526 | 自科二线404/404自科库 2排3列3层/ [索取号:J292.12/H068] | 在馆 | |
| 10 | 105453 | 201054535 | 社科库309/309社科库 79排4列2层/ [索取号:J292.12/H068] | 在馆 |